000 00721cam a2200229u 4500
001 751
003 BD-RjUL
005 20211208233227.0
008 131123s1950 nyu 000 0 eng
035 _a(BD-RjUL) 771
040 _aDLC
_cCarP
_dDLC
_dBD-RjUL
_beng
041 _aeng
082 _a027.4
_bFOR 1950
245 0 2 _aA forum on the Public Library Inquiry :
_bThe conference at the University of Chicago /
_cEdited by Lester Asheim.
260 _aNew York :
_bColumbia University Press,
_c1950.
300 _axiii, 281, [2] p. ;
_c23 cm.
610 2 0 _aSocial Science Research Council.
_934439
650 0 _aPublic libraries
_zUnited States.
_92239
942 _2ddc
_cBK
999 _c751
_d751